000 00598nam a2200229Ia 4500
003 OSt
005 20220923213651.0
006 a|||||r|||| 00| 0
007 ta
008 220922b |||||||| |||| 00| 0 hin d
024 _a163,871
037 _cTextual
040 _aARTS
_cARTS
_bhin
041 _2hin
_ahin
082 _aO152:1N154:5, H4
100 _aसुधीन्द्र
245 0 _aअमृत लेखा
246 _aAmṛut lekhā
260 _c1949
942 _hO152:1N154:5, H4
_cTEXL
_2CC
999 _c318351
_d318351